书目信息 |
| 题名: |
先秦两汉文论选
|
|
| 作者: | 张少康 编著 | |
| 分册: | ||
| 出版信息: | 北京 人民文学出版社 1996.05 |
|
| 页数: | 667页 | |
| 开本: | 32开 | |
| 丛书名: | ||
| 单 册: | ||
| 中图分类: | I206.2 | |
| 科图分类: | ||
| 主题词: | 文学--中国 | |
| 电子资源: | ||
| ISBN: | 7-02-002857-8 | |
| 000 | 00568nam0 2200193 45 | |
| 001 | 0009262011 | |
| 005 | 20001022090729.2 | |
| 010 | @a7-02-002857-8@d28.00元 | |
| 100 | @a20000926d1996 km y0chiy0120 ea | |
| 101 | 0 | @achi |
| 105 | @a z 000yy | |
| 200 | 1 | @a先秦两汉文论选@AXian Qin Liang Han Wen Lun Xuan@f张少康等编著@FZhang Shao Kang Deng Bian Zhu |
| 210 | @a北京@c人民文学出版社@d1996.05 | |
| 215 | @a667页@d32开 | |
| 606 | 0 | @a文学@x中国 |
| 690 | @aI206.2@v3 | |
| 701 | 0 | @a张少康@4编著 |
| 801 | @aCN@bPftUser@c20000926 | |
| 905 | @dI206.2@eZH383@b181299-301@f3 | |
| 先秦两汉文论选/张少康等编著.-北京:人民文学出版社,1996.05 |
| 667页;32开 |
| ISBN 7-02-002857-8:28.00元 |
| ● |
| 相关链接 |
|
|
|
正题名:先秦两汉文论选
索取号:I206.2/ZH383
 
预约/预借
| 序号 | 登录号 | 条形码 | 馆藏地/架位号 | 状态 | 备注 |
| 1 | 181299 | 201812994 | 社科二线400B/400B社科库 11排1列2层/ [索取号:I206.2/ZH383] | 在馆 | |
| 2 | 181300 | 201813001 | 社科二线400B/400B社科库 11排1列2层/ [索取号:I206.2/ZH383] | 在馆 | |
| 3 | 181301 | 201813010 | 文学库108/108文学库 6排1列2层/ [索取号:I206.2/ZH383] | 在馆 |